Teleskopické manipulátory

Podrobná bibliografia
Hlavný autor: Pažin, Ján (Autor)
Médium: Článok
Jazyk:slovenčina

MARC

LEADER 00000nab a2200000ua 4500
001 vtls010856641
003 SK-MaSNL
005 20260303141224.0
008 230222s2007 xo |||||||||||||||||slo|
035 |a (urnnbn)urn:nbn:sk:snk:ar-a07kur 
035 |a urn:nbn:sk:snk-ab6foo 
035 |a (uuid)9a83e227-da50-4cff-8f17-9b7e439e7f5c 
040 |a SNKBUCL  |b slo  |c SNKBUCL  |e AACR2 
041 0 |a slo 
044 |a xo  |c SK 
100 1 |a Pažin, Ján  |4 aut  |9 1160689 
245 1 0 |a Teleskopické manipulátory  |c Ján Pažin 
773 0 |t Stavebné materiály : technológie, výrobky, konštrukcie  |g Roč. 3, č. 4 (2007), s. 40-[41] 
954 |a odborná, vedecká literatúra pôvodná (slovenská)  |2 lita 
958 |a OND 
958 |a EUIPO 
958 |a article5 
999 |c 1974773  |d 1976703